logo

Bir Sreshtho Munshi Abdur Rouf Library
Jhenaidah Cadet College

বাংলাদেশ, ১৯৭১ / (Record no. 703)

MARC details
000 -LEADER
fixed length control field 01355nam a22003615a 4500
001 - CONTROL NUMBER
JCCL Control Number 703
003 - CONTROL NUMBER IDENTIFIER
JCCL marc code BD-JhCC
005 - DATE AND TIME OF LATEST TRANSACTION
control field 20201206134020.0
008 - FIXED-LENGTH DATA ELEMENTS--GENERAL INFORMATION
fixed length control field 070920s2007 bg 001 0 benod
020 ## - INTERNATIONAL STANDARD BOOK NUMBER
International Standard Book Number 9844105544 (v. 1)
020 ## - INTERNATIONAL STANDARD BOOK NUMBER
International Standard Book Number 9844105714 (v. 2)
020 ## - INTERNATIONAL STANDARD BOOK NUMBER
International Standard Book Number 9844105722 (v. 3)
020 ## - INTERNATIONAL STANDARD BOOK NUMBER
International Standard Book Number 9844105730 (v. 4)
035 ## - SYSTEM CONTROL NUMBER
system control number (BD-JhCC) 703
040 ## - CATALOGING SOURCE
Original cataloging agency DLC
Transcribing agency DLC
Modifying agency DLC
-- BD-JhCC
041 ## - LANGUAGE CODE
Language code of Book ben
050 00 - LIBRARY OF CONGRESS CALL NUMBER
Classification number DS395
Item number .C3783 2007
082 ## - DEWEY DECIMAL CLASSIFICATION NUMBER
Classification number 954.9205
Author mark and Year CHU 2007
100 1# - MAIN ENTRY--PERSONAL NAME
Personal name চৌধুরী, আফসান.
245 10 - TITLE STATEMENT
Title বাংলাদেশ, ১৯৭১ /
Statement of responsibility, etc আফসান চৌধুরী,
246 1# - VARYING FORM OF TITLE
Title proper/short title Bangladesh, 1971
260 ## - PUBLICATION, DISTRIBUTION, ETC. (IMPRINT)
Place of publication, distribution, etc ঢাকা :
Name of publisher, distributor, etc মাওলা ব্রাদার্স,
Date of publication, distribution, etc ২০০৭.
300 ## - PHYSICAL DESCRIPTION
Pagination volume 1, 2, 3, 4 ;
Dimensions 23 cm.
500 ## - GENERAL NOTE
General note Includes Index
504 ## - BIBLIOGRAPHY, ETC. NOTE
Bibliography, etc Includes indexes.
520 ## - SUMMARY, ETC.
Summary, etc History of Bangladesh revolution, 1971; contains interviews of participant revolutionaries from the country and articles on contemporary foreign public opinion, and press coverage.
650 #0 - SUBJECT ADDED ENTRY--TOPICAL TERM
Topical term or geographic name as entry element Revolutionaries
Geographic subdivision Bangladesh
Form subdivision Interviews.
651 #0 - SUBJECT ADDED ENTRY--GEOGRAPHIC NAME
Geographic name Bangladesh
General subdivision History
Chronological subdivision Revolution, 1971.
651 #0 - SUBJECT ADDED ENTRY--GEOGRAPHIC NAME
Geographic name Bangladesh
General subdivision History
Chronological subdivision Revolution, 1971
General subdivision Foreign public opinion.
651 #0 - SUBJECT ADDED ENTRY--GEOGRAPHIC NAME
Geographic name Bangladesh
General subdivision History
Chronological subdivision Revolution, 1971
General subdivision Press coverage.
942 ## - ADDED ENTRY ELEMENTS (KOHA)
Source of classification or shelving scheme Dewey Decimal Classification
Koha item type Books
Koha issues (borrowed), all copies 1
Holdings
Source of classification or shelving scheme volume number Damaged status Not for loan Home library Current library Shelving location Date of accession Source of acquisition Cost, normal purchase price Total Checkouts Full call number Barcode Date last seen Copy number Koha item type Date checked out
Dewey Decimal Classification V-1     JCC Rouf Library JCC Rouf Library General Stacks 10/08/2017 Zahedee Foundation 2800.00   954.9205 CHU 2007 232 10/08/2017 C-1 Books  
Dewey Decimal Classification V-2     JCC Rouf Library JCC Rouf Library General Stacks 10/08/2017 Zahedee Foundation 2800.00   954.9205 CHU 2007 233 10/08/2017 C-1 Books  
Dewey Decimal Classification V-3     JCC Rouf Library JCC Rouf Library General Stacks 10/08/2017 Zahedee Foundation 2800.00   954.9205 CHU 2007 234 10/08/2017 C-1 Books  
Dewey Decimal Classification V-4     JCC Rouf Library JCC Rouf Library General Stacks 10/08/2017 Zahedee Foundation 2800.00 1 954.9205 CHU 2007 235 12/06/2020 C-1 Books 12/05/2020

JCC Library | Contacts | JCC Home

Last Update on 23 September 2017
Copyright @ 2017-2020 JCC Rouf Library
Rouf Library, Jhenidah Cadet College (JCC), Bangladesh